Pokémon Gen 1-7 (#001 - #809) - Estadísticas

Estadísticas generales
  • Esta prueba ha sido intentada 1.062 veces
  • La puntuación promedio es 268 de 809
Estadísticas de respuestas
Tipo Pokémon % Correcto
#004 Fuego Charmander
93%
#001 Planta/Veneno Bulbasaur
92%
#006 Fuego/Volador Charizard
92%
#007 Agua Squirtle
89%
#005 Fuego Charmeleon
88%
#025 Eléctrico Pikachu
87%
#009 Agua Blastoise
86%
#002 Planta/Veneno Ivysaur
86%
#026 Eléctrico Raichu
84%
#003 Planta/Veneno Venusaur
83%
#010 Bicho Caterpie
82%
#011 Bicho Metapod
82%
#018 Normal/Volador Pidgeot
82%
#008 Agua Wartortle
81%
#151 Psíquico Mew
80%
#017 Normal/Volador Pidgeotto
80%
#016 Normal/Volador Pidgey
80%
#014 Bicho/Veneno Kakuna
76%
#150 Psíquico Mewtwo
76%
#144 Hielo/Volador Articuno
75%
#015 Bicho/Veneno Beedrill
75%
#012 Bicho/Volador Butterfree
75%
#149 Dragón/Volador Dragonite
75%
#145 Eléctrico/Volador Zapdos
75%
#063 Psíquico Abra
74%
#133 Normal Eevee
74%
#064 Psíquico Kadabra
74%
#146 Fuego/Volador Moltres
74%
#065 Psíquico Alakazam
73%
#136 Fuego Flareon
73%
#094 Fantasma/Veneno Gengar
73%
#074 Roca/Tierra Geodude
73%
#129 Agua Magikarp
73%
#019 Normal Rattata
73%
#134 Agua Vaporeon
73%
#023 Veneno Ekans
72%
#020 Normal Raticate
72%
#013 Bicho/Veneno Weedle
72%
#024 Veneno Arbok
71%
#147 Dragón Dratini
71%
#076 Roca/Tierra Golem
71%
#130 Agua/Volador Gyarados
71%
#093 Fantasma/Veneno Haunter
71%
#068 Lucha Machamp
71%
#029 | #032 Veneno Nidoran
71%
#148 Dragón Dragonair
70%
#092 Fantasma/Veneno Gastly
70%
#135 Eléctrico Jolteon
70%
#067 Lucha Machoke
70%
#066 Lucha Machop
70%
#034 Veneno/Tierra Nidoking
70%
#031 Veneno/Tierra Nidoqueen
70%
#030 Veneno Nidorina
70%
#033 Veneno Nidorino
70%
#021 Normal/Volador Spearow
70%
#095 Roca/Tierra Onix
69%
#037 Fuego Vulpix
69%
#041 Veneno/Volador Zubat
69%
#059 Fuego Arcanine
68%
#022 Normal/Volador Fearow
68%
#075 Roca/Tierra Graveler
68%
#143 Normal Snorlax
68%
#050 Tierra Diglett
67%
#051 Tierra Dugtrio
67%
#038 Fuego Ninetales
67%
#035 Hada Clefairy
66%
#042 Veneno/Volador Golbat
66%
#131 Agua/Hielo Lapras
66%
#081 Eléctrico/Acero Magnemite
66%
#107 Lucha Hitmonchan
65%
#106 Lucha Hitmonlee
65%
#172 Eléctrico Pichu
65%
#036 Hada Clefable
64%
#058 Fuego Growlithe
64%
#039 Normal/Hada Jigglypuff
64%
#126 Fuego Magmar
64%
#052 Normal Meowth
64%
#043 Planta/Veneno Oddish
64%
#077 Fuego Ponyta
64%
#078 Fuego Rapidash
64%
#082 Eléctrico/Acero Magneton
63%
#053 Normal Persian
63%
#142 Roca/Volador Aerodactyl
62%
#044 Planta/Veneno Gloom
62%
#054 Agua Psyduck
62%
#152 Planta Chikorita
61%
#140 Roca/Agua Kabuto
61%
#121 Agua/Psíquico Starmie
61%
#128 Normal Tauros
61%
#048 Bicho/Veneno Venonat
61%
#125 Eléctrico Electabuzz
60%
#124 Hielo/Psíquico Jynx
60%
#141 Roca/Agua Kabutops
60%
#122 Psíquico/Hada Mr. Mime
60%
#089 Veneno Muk
60%
#120 Agua Staryu
60%
#049 Bicho/Veneno Venomoth
60%
#084 Normal/Volador Doduo
59%
#055 Agua Golduck
59%
#056 Lucha Mankey
59%
#046 Bicho/Planta Paras
59%
#060 Agua Poliwag
59%
#072 Agua/Veneno Tentacool
59%
#073 Agua/Veneno Tentacruel
59%
#197 Siniestro Umbreon
59%
#045 Planta/Veneno Vileplume
59%
#040 Normal/Hada Wigglytuff
59%
#118 Agua Goldeen
58%
#086 Agua Seel
58%
#155 Fuego Cyndaquil
57%
#085 Normal/Volador Dodrio
57%
#101 Eléctrico Electrode
57%
#249 Psíquico/Volador Lugia
57%
#047 Bicho/Planta Parasect
57%
#057 Lucha Primeape
57%
#028 Tierra Sandslash
57%
#119 Agua Seaking
57%
#158 Agua Totodile
57%
#100 Eléctrico Voltorb
57%
#069 Planta/Veneno Bellsprout
56%
#088 Veneno Grimer
56%
#250 Fuego/Volador Ho-Oh
56%
#139 Roca/Agua Omastar
56%
#061 Agua Poliwhirl
56%
#062 Agua/Lucha Poliwrath
56%
#110 Veneno Weezing
56%
#113 Normal Chansey
55%
#169 Veneno/Volador Crobat
55%
#109 Veneno Koffing
55%
#138 Roca/Agua Omanyte
55%
#123 Bicho/Volador Scyther
55%
#173 Hada Cleffa
54%
#087 Agua/Hielo Dewgong
54%
#196 Psíquico Espeon
54%
#116 Agua Horsea
54%
#079 Agua/Psíquico Slowpoke
54%
#097 Psíquico Hypno
53%
#154 Planta Meganium
53%
#127 Bicho Pinsir
53%
#393 Agua Piplup
53%
#156 Fuego Quilava
53%
#027 Tierra Sandshrew
53%
#080 Agua/Psíquico Slowbro
53%
#255 Fuego Torchic
53%
#070 Planta/Veneno Weepinbell
53%
#390 Fuego Chimchar
52%
#091 Agua/Hielo Cloyster
52%
#137 Normal Porygon
52%
#117 Agua Seadra
52%
#104 Tierra Cubone
51%
#132 Normal Ditto
51%
#239 Eléctrico Elekid
51%
#105 Tierra Marowak
51%
#258 Agua Mudkip
51%
#112 Tierra/Roca Rhydon
51%
#111 Tierra/Roca Rhyhorn
51%
#071 Planta/Veneno Victreebel
51%
#096 Psíquico Drowzee
50%
#244 Fuego Entei
50%
#471 Hielo Glaceon
50%
#392 Fuego/Lucha Infernape
50%
#470 Planta Leafeon
50%
#208 Acero/Tierra Steelix
50%
#395 Agua/Acero Empoleon
49%
#484 Agua/Dragón Palkia
49%
#090 Agua Shellder
49%
#245 Agua Suicune
49%
#257 Fuego/Lucha Blaziken
48%
#251 Psíquico/Planta Celebi
48%
#483 Acero/Dragón Dialga
48%
#115 Normal Kangaskhan
48%
#448 Lucha/Acero Lucario
48%
#384 Dragón/Volador Rayquaza
48%
#175 Hada Togepi
48%
#389 Planta/Tierra Torterra
48%
#153 Planta Bayleef
47%
#103 Planta/Psíquico Exeggutor
47%
#083 Normal/Volador Farfetch’d
47%
#383 Tierra Groudon
47%
#240 Fuego Magby
47%
#114 Planta Tangela
47%
#252 Planta Treecko
47%
#282 Psíquico/Hada Gardevoir
46%
#382 Agua Kyogre
46%
#467 Fuego Magmortar
46%
#391 Fuego/Lucha Monferno
46%
#243 Eléctrico Raikou
46%
#256 Fuego/Lucha Combusken
45%
#159 Agua Croconaw
45%
#160 Agua Feraligatr
45%
#254 Planta Sceptile
45%
#700 Hada Sylveon
45%
#248 Roca/Siniestro Tyranitar
45%
#493 Normal Arceus
44%
#102 Planta/Psíquico Exeggcute
44%
#487 Fantasma/Dragón Giratina
44%
#237 Lucha Hitmontop
44%
#164 Normal/Volador Noctowl
44%
#157 Fuego Typhlosion
44%
#098 Agua Krabby
43%
#398 Normal/Volador Staraptor
43%
#396 Normal/Volador Starly
43%
#176 Hada/Volador Togetic
43%
#230 Agua/Dragón Kingdra
42%
#099 Agua Kingler
42%
#246 Roca/Tierra Larvitar
42%
#280 Psíquico/Hada Ralts
42%
#199 Agua/Psíquico Slowking
42%
#495 Planta Snivy
42%
#181 Eléctrico Ampharos
41%
#163 Normal/Volador Hoothoot
41%
#281 Psíquico/Hada Kirlia
41%
#108 Normal Lickitung
41%
#377 Roca Regirock
41%
#397 Normal/Volador Staravia
41%
#498 Fuego Tepig
41%
#468 Hada/Volador Togekiss
41%
#387 Planta Turtwig
41%
#491 Siniestro Darkrai
40%
#445 Dragón/Tierra Garchomp
40%
#253 Planta Grovyle
40%
#380 Dragón/Psíquico Latias
40%
#381 Dragón/Psíquico Latios
40%
#179 Eléctrico Mareep
40%
#378 Hielo Regice
40%
#379 Acero Registeel
40%
#260 Agua/Tierra Swampert
40%
#268 Bicho Cascoon
39%
#658 Agua/Siniestro Greninja
39%
#214 Bicho/Lucha Heracross
39%
#174 Normal/Hada Igglybuff
39%
#462 Eléctrico/Acero Magnezone
39%
#501 Agua Oshawott
39%
#247 Roca/Tierra Pupitar
39%
#447 Lucha Riolu
39%
#212 Bicho/Acero Scizor
39%
#161 Normal Sentret
39%
#497 Planta Serperior
39%
#494 Psíquico/Fuego Victini
39%
#162 Normal Furret
38%
#270 Agua/Planta Lotad
38%
#272 Agua/Planta Ludicolo
38%
#376 Acero/Psíquico Metagross
38%
#233 Normal Porygon2
38%
#394 Agua Prinplup
38%
#644 Dragón/Eléctrico Zekrom
38%
#168 Bicho/Veneno Ariados
37%
#374 Acero/Psíquico Beldum
37%
#386 Psíquico Deoxys
37%
#466 Eléctrico Electivire
37%
#443 Dragón/Tierra Gible
37%
#405 Eléctrico Luxray
37%
#311 Eléctrico Plusle
37%
#643 Dragón/Fuego Reshiram
37%
#167 Bicho/Veneno Spinarak
37%
#185 Roca Sudowoodo
37%
#184 Agua/Hada Azumarill
36%
#267 Bicho/Volador Beautifly
36%
#242 Normal Blissey
36%
#269 Bicho/Veneno Dustox
36%
#500 Fuego/Lucha Emboar
36%
#444 Dragón/Tierra Gabite
36%
#183 Agua/Hada Marill
36%
#259 Agua/Tierra Marshtomp
36%
#279 Agua/Volador Pelipper
36%
#186 Agua Politoed
36%
#474 Normal Porygon-Z
36%
#315 Planta/Veneno Roselia
36%
#227 Acero/Volador Skarmory
36%
#263 Normal Zigzagoon
36%
#334 Dragón/Volador Altaria
35%
#304 Acero/Roca Aron
35%
#475 Psíquico/Lucha Gallade
35%
#171 Agua/Eléctrico Lanturn
35%
#165 Bicho/Volador Ledyba
35%
#271 Agua/Planta Lombre
35%
#404 Eléctrico Luxio
35%
#375 Acero/Psíquico Metang
35%
#439 Psíquico/Hada Mime Jr.
35%
#486 Normal Regigigas
35%
#503 Agua Samurott
35%
#403 Eléctrico Shinx
35%
#266 Bicho Silcoon
35%
#371 Dragón Bagon
34%
#170 Agua/Eléctrico Chinchou
34%
#388 Planta Grotle
34%
#187 Planta/Volador Hoppip
34%
#229 Siniestro/Fuego Houndoom
34%
#166 Bicho/Volador Ledian
34%
#241 Normal Miltank
34%
#312 Eléctrico Minun
34%
#200 Fantasma Misdreavus
34%
#446 Normal Munchlax
34%
#198 Siniestro/Volador Murkrow
34%
#261 Siniestro Poochyena
34%
#407 Planta/Veneno Roserade
34%
#373 Dragón/Volador Salamence
34%
#236 Lucha Tyrogue
34%
#278 Agua/Volador Wingull
34%
#265 Bicho Wurmple
34%
#306 Acero/Roca Aggron
33%
#482 Psíquico Azelf
33%
#399 Normal Bidoof
33%
#656 Agua Froakie
33%
#362 Hielo Glalie
33%
#228 Siniestro/Fuego Houndour
33%
#385 Acero/Psíquico Jirachi
33%
#273 Planta Seedot
33%
#319 Agua/Siniestro Sharpedo
33%
#218 Fuego Slugma
33%
#361 Hielo Snorunt
33%
#502 Agua Dewott
32%
#349 Agua Feebas
32%
#330 Tierra/Dragón Flygon
32%
#297 Lucha Hariyama
32%
#485 Fuego/Acero Heatran
32%
#264 Normal Linoone
32%
#308 Lucha/Psíquico Medicham
32%
#481 Psíquico Mesprit
32%
#177 Psíquico/Volador Natu
32%
#221 Hielo/Tierra Piloswine
32%
#464 Tierra/Roca Rhyperior
32%
#336 Veneno Seviper
32%
#289 Normal Slaking
32%
#215 Siniestro/Hielo Sneasel
32%
#192 Planta Sunflora
32%
#220 Hielo/Tierra Swinub
32%
#201 Psíquico Unown
32%
#178 Psíquico/Volador Xatu
32%
#460 Planta/Hielo Abomasnow
31%
#298 Normal/Hada Azurill
31%
#182 Planta Bellossom
31%
#400 Normal/Agua Bibarel
31%
#408 Roca Cranidos
31%
#309 Eléctrico Electrike
31%
#478 Hielo/Fantasma Froslass
31%
#207 Tierra/Volador Gligar
31%
#646 Dragón/Hielo Kyurem
31%
#305 Acero/Roca Lairon
31%
#337 Roca/Psíquico Lunatone
31%
#219 Fuego/Roca Magcargo
31%
#473 Hielo/Tierra Mamoswine
31%
#310 Eléctrico Manectric
31%
#226 Agua/Volador Mantine
31%
#307 Lucha/Psíquico Meditite
31%
#262 Siniestro Mightyena
31%
#350 Agua Milotic
31%
#417 Eléctrico Pachirisu
31%
#499 Fuego/Lucha Pignite
31%
#496 Planta Servine
31%
#372 Dragón Shelgon
31%
#338 Roca/Psíquico Solrock
31%
#276 Normal/Volador Taillow
31%
#357 Planta/Volador Tropius
31%
#217 Normal Ursaring
31%
#480 Psíquico Uxie
31%
#193 Bicho/Volador Yanma
31%
#354 Fantasma Banette
30%
#418 Agua Buizel
30%
#488 Psíquico Cresselia
30%
#203 Normal/Psíquico Girafarig
30%
#189 Planta/Volador Jumpluff
30%
#303 Acero/Hada Mawile
30%
#519 Normal/Volador Pidove
30%
#195 Agua/Tierra Quagsire
30%
#238 Hielo/Psíquico Smoochum
30%
#333 Normal/Volador Swablu
30%
#277 Normal/Volador Swellow
30%
#321 Agua Wailord
30%
#194 Agua/Tierra Wooper
30%
#716 Hada Xerneas
30%
#286 Planta/Lucha Breloom
29%
#650 Planta Chespin
29%
#356 Fantasma Dusclops
29%
#180 Eléctrico Flaaffy
29%
#472 Tierra/Volador Gliscor
29%
#725 Fuego Litten
29%
#296 Lucha Makuhita
29%
#490 Agua Manaphy
29%
#429 Fantasma Mismagius
29%
#291 Bicho/Volador Ninjask
29%
#322 Fuego/Tierra Numel
29%
#409 Roca Rampardos
29%
#479 Eléctrico/Fantasma Rotom
29%
#302 Siniestro/Fantasma Sableye
29%
#353 Fantasma Shuppet
29%
#791 Psíquico/Acero Solgaleo
29%
#465 Planta Tangrowth
29%
#216 Normal Teddiursa
29%
#328 Tierra Trapinch
29%
#329 Tierra/Dragón Vibrava
29%
#469 Bicho/Volador Yanmega
29%
#717 Siniestro/Volador Yveltal
29%
#610 Dragón Axew
28%
#406 Planta/Veneno Budew
28%
#323 Fuego/Tierra Camerupt
28%
#355 Fantasma Duskull
28%
#653 Fuego Fennekin
28%
#657 Agua Frogadier
28%
#792 Psíquico/Fantasma Lunala
28%
#290 Bicho/Tierra Nincada
28%
#299 Roca Nosepass
28%
#274 Planta/Siniestro Nuzleaf
28%
#511 Planta Pansage
28%
#513 Fuego Pansear
28%
#204 Bicho Pineco
28%
#364 Hielo/Agua Sealeo
28%
#292 Bicho/Fantasma Shedinja
28%
#275 Planta/Siniestro Shiftry
28%
#188 Planta/Volador Skiploom
28%
#287 Normal Slakoth
28%
#363 Hielo/Agua Spheal
28%
#191 Planta Sunkern
28%
#320 Agua Wailmer
28%
#202 Psíquico Wobbuffet
28%
#359 Siniestro Absol
27%
#348 Roca/Bicho Armaldo
27%
#331 Planta Cacnea
27%
#318 Agua/Siniestro Carvanha
27%
#638 Acero/Lucha Cobalion
27%
#222 Agua/Roca Corsola
27%
#225 Hielo/Volador Delibird
27%
#232 Tierra Donphan
27%
#477 Fantasma Dusknoir
27%
#587 Eléctrico/Volador Emolga
27%
#440 Normal Happiny
27%
#727 Fuego/Siniestro Incineroar
27%
#515 Agua Panpour
27%
#231 Tierra Phanpy
27%
#728 Agua Popplio
27%
#223 Agua Remoraid
27%
#722 Planta/Volador Rowlet
27%
#492 Planta Shaymin
27%
#639 Roca/Lucha Terrakion
27%
#288 Normal Vigoroth
27%
#461 Siniestro/Hielo Weavile
27%
#411 Roca/Acero Bastiodon
26%
#332 Planta/Siniestro Cacturne
26%
#609 Fantasma/Fuego Chandelure
26%
#655 Fuego/Psíquico Delphox
26%
#419 Agua Floatzel
26%
#205 Bicho/Acero Forretress
26%
#402 Bicho Kricketune
26%
#645 Tierra/Volador Landorus
26%
#284 Bicho/Volador Masquerain
26%
#224 Agua Octillery
26%
#489 Agua Phione
26%
#285 Planta Shroomish
26%
#516 Agua Simipour
26%
#512 Planta Simisage
26%
#514 Fuego Simisear
26%
#283 Bicho/Agua Surskit
26%
#324 Fuego Torkoal
26%
#637 Bicho/Fuego Volcarona
26%
#365 Hielo/Agua Walrein
26%
#335 Normal Zangoose
26%
#190 Normal Aipom
25%
#347 Roca/Bicho Anorith
25%
#438 Roca Bonsly
25%
#366 Agua Clamperl
25%
#415 Bicho/Volador Combee
25%
#206 Normal Dunsparce
25%
#295 Normal Exploud
25%
#431 Normal Glameow
25%
#210 Hada Granbull
25%
#430 Siniestro/Volador Honchkrow
25%
#635 Siniestro/Dragón Hydreigon
25%
#647 Agua/Lucha Keldeo
25%
#401 Bicho Kricketot
25%
#463 Normal Lickilicky
25%
#345 Roca/Planta Lileep
25%
#294 Normal Loudred
25%
#458 Agua/Volador Mantyke
25%
#648 Normal/Psíquico Meloetta
25%
#730 Agua/Hada Primarina
25%
#551 Tierra/Siniestro Sandile
25%
#410 Roca/Acero Shieldon
25%
#300 Normal Skitty
25%
#327 Normal Spinda
25%
#521 Normal/Volador Unfezant
25%
#640 Planta/Lucha Virizion
25%
#718 Dragón/Tierra Zygarde
25%
#339 Agua/Tierra Barboach
24%
#436 Acero/Psíquico Bronzor
24%
#455 Planta Carnivine
24%
#358 Psíquico Chimecho
24%
#346 Roca/Planta Cradily
24%
#453 Veneno/Lucha Croagunk
24%
#633 Siniestro/Dragón Deino
24%
#452 Veneno/Siniestro Drapion
24%
#425 Fantasma/Volador Drifloon
24%
#526 Roca Gigalith
24%
#449 Tierra Hippopotas
24%
#552 Tierra/Siniestro Krokorok
24%
#457 Agua Lumineon
24%
#517 Psíquico Munna
24%
#518 Psíquico Musharna
24%
#504 Normal Patrat
24%
#369 Agua/Roca Relicanth
24%
#524 Roca Roggenrola
24%
#539 Lucha Sawk
24%
#459 Planta/Hielo Snover
24%
#209 Hada Snubbull
24%
#442 Fantasma/Siniestro Spiritomb
24%
#642 Eléctrico/Volador Thundurus
24%
#641 Volador Tornadus
24%
#454 Veneno/Lucha Toxicroak
24%
#293 Normal Whismur
24%
#567 Roca/Volador Archeops
23%
#343 Tierra/Psíquico Baltoy
23%
#427 Normal Buneary
23%
#412 Bicho Burmy
23%
#351 Normal Castform
23%
#534 Lucha Conkeldurr
23%
#724 Planta/Fantasma Decidueye
23%
#301 Normal Delcatty
23%
#530 Tierra/Acero Excadrill
23%
#507 Normal Herdier
23%
#599 Acero Klink
23%
#636 Bicho/Fuego Larvesta
23%
#510 Siniestro Liepard
23%
#506 Normal Lillipup
23%
#428 Normal Lopunny
23%
#476 Roca/Acero Probopass
23%
#432 Normal Purugly
23%
#422 Agua Shellos
23%
#234 Normal Stantler
23%
#532 Lucha Timburr
23%
#520 Normal/Volador Tranquill
23%
#535 Agua Tympole
23%
#523 Eléctrico Zebstrika
23%
#570 Siniestro Zorua
23%
#531 Normal Audino
22%
#654 Fuego Braixen
22%
#437 Acero/Psíquico Bronzong
22%
#565 Agua/Roca Carracosta
22%
#652 Planta/Lucha Chesnaught
22%
#433 Psíquico Chingling
22%
#344 Tierra/Psíquico Claydol
22%
#555 Fuego Darmanitan
22%
#554 Fuego Darumaka
22%
#456 Agua Finneon
22%
#423 Agua/Tierra Gastrodon
22%
#649 Bicho/Acero Genesect
22%
#574 Psíquico Gothita
22%
#316 Veneno Gulpin
22%
#701 Lucha/Volador Hawlucha
22%
#612 Dragón Haxorus
22%
#450 Tierra Hippowdon
22%
#595 Bicho/Eléctrico Joltik
22%
#352 Normal Kecleon
22%
#600 Acero Klang
22%
#608 Fantasma/Fuego Lampent
22%
#607 Fantasma/Fuego Litwick
22%
#414 Bicho/Volador Mothim
22%
#211 Agua/Veneno Qwilfish
22%
#545 Bicho/Veneno Scolipede
22%
#451 Veneno/Bicho Skorupi
22%
#235 Normal Smeargle
22%
#416 Bicho/Volador Vespiquen
22%
#313 Bicho Volbeat
22%
#721 Fuego/Agua Volcanion
22%
#527 Psíquico/Volador Woobat
22%
#413 Bicho/Varios Wormadam
22%
#360 Psíquico Wynaut
22%
#571 Siniestro Zoroark
22%
#522 Eléctrico Blitzle
21%
#525 Roca Boldore
21%
#420 Planta Cherubi
21%
#341 Agua Corphish
21%
#426 Fantasma/Volador Drifblim
21%
#596 Bicho/Eléctrico Galvantula
21%
#368 Agua Gorebyss
21%
#326 Psíquico Grumpig
21%
#533 Lucha Gurdurr
21%
#367 Agua Huntail
21%
#314 Bicho Illumise
21%
#542 Bicho/Planta Leavanny
21%
#370 Agua Luvdisc
21%
#536 Agua/Tierra Palpitoad
21%
#537 Agua/Tierra Seismitoad
21%
#325 Psíquico Spoink
21%
#508 Normal Stoutland
21%
#317 Veneno Swalot
21%
#528 Psíquico/Volador Swoobat
21%
#663 Fuego/Volador Talonflame
21%
#786 Psíquico/Hada Tapu Lele
21%
#538 Lucha Throh
21%
#543 Bicho/Veneno Venipede
21%
#505 Normal Watchog
21%
#544 Bicho/Veneno Whirlipede
21%
#340 Agua/Tierra Whiscash
21%
#562 Fantasma Yamask
21%
#594 Agua Alomomola
20%
#424 Normal Ambipom
20%
#550 Agua Basculin
20%
#421 Planta Cherrim
20%
#563 Fantasma Cofagrigus
20%
#342 Agua/Siniestro Crawdaunt
20%
#723 Planta/Volador Dartrix
20%
#702 Eléctrico/Hada Dedenne
20%
#529 Tierra Drilbur
20%
#578 Psíquico Duosion
20%
#631 Fuego Heatmor
20%
#601 Acero Klinklang
20%
#553 Tierra/Siniestro Krookodile
20%
#800 Psíquico Necrozma
20%
#559 Siniestro/Lucha Scraggy
20%
#213 Bicho/Roca Shuckle
20%
#435 Veneno/Siniestro Skuntank
20%
#434 Veneno/Siniestro Stunky
20%
#581 Agua/Volador Swanna
20%
#785 Eléctrico/Hada Tapu Koko
20%
#564 Agua/Roca Tirtouga
20%
#726 Fuego Torracat
20%
#582 Hielo Vanillite
20%
#566 Roca/Volador Archen
19%
#614 Hielo Beartic
19%
#625 Siniestro/Acero Bisharp
19%
#628 Normal/Volador Braviary
19%
#441 Normal/Volador Chatot
19%
#580 Agua/Volador Ducklett
19%
#632 Bicho/Acero Durant
19%
#598 Planta/Acero Ferrothorn
19%
#669 Hada Flabébé
19%
#569 Veneno Garbodor
19%
#706 Dragón Goodra
19%
#576 Psíquico Gothitelle
19%
#575 Psíquico Gothorita
19%
#720 Psíquico/Fantasma Hoopa
19%
#556 Planta Maractus
19%
#778 Fantasma/Hada Mimikyu
19%
#509 Siniestro Purrloin
19%
#651 Planta Quilladin
19%
#577 Psíquico Solosis
19%
#788 Agua/Hada Tapu Fini
19%
#584 Hielo Vanilluxe
19%
#789 Psíquico Cosmog
18%
#613 Hielo Cubchoo
18%
#719 Roca/Hada Diancie
18%
#611 Dragón Fraxure
18%
#549 Planta Lilligant
18%
#667 Fuego/Normal Litleo
18%
#808 Acero Meltan
18%
#579 Psíquico Reuniclus
18%
#560 Siniestro/Lucha Scrafty
18%
#618 Tierra/Eléctrico Stunfisk
18%
#787 Planta/Hada Tapu Bulu
18%
#568 Veneno Trubbish
18%
#602 Eléctrico Tynamo
18%
#698 Roca/Hielo Amaura
17%
#546 Planta/Hada Cottonee
17%
#558 Bicho/Roca Crustle
17%
#621 Dragón Druddigon
17%
#557 Bicho/Roca Dwebble
17%
#597 Planta/Acero Ferroseed
17%
#662 Fuego/Volador Fletchinder
17%
#590 Planta/Veneno Foongus
17%
#623 Tierra/Fantasma Golurk
17%
#809 Acero Melmetal
17%
#714 Volador/Dragón Noibat
17%
#715 Volador/Dragón Noivern
17%
#624 Siniestro/Acero Pawniard
17%
#548 Planta Petilil
17%
#540 Bicho/Planta Sewaddle
17%
#561 Psíquico/Volador Sigilyph
17%
#634 Siniestro/Dragón Zweilous
17%
#699 Roca/Hielo Aurorus
16%
#729 Agua Brionne
16%
#615 Hielo Cryogonal
16%
#589 Bicho/Acero Escavalier
16%
#704 Dragón Goomy
16%
#593 Agua/Fantasma Jellicent
16%
#588 Bicho Karrablast
16%
#630 Siniestro/Volador Mandibuzz
16%
#619 Lucha Mienfoo
16%
#731 Normal/Volador Pikipek
16%
#668 Fuego/Normal Pyroar
16%
#627 Normal/Volador Rufflet
16%
#541 Bicho/Planta Swadloon
16%
#709 Fantasma/Planta Trevenant
16%
#666 Bicho/Volador Vivillon
16%
#547 Planta/Hada Whimsicott
16%
#617 Bicho Accelgor
15%
#681 Acero/Fantasma Aegislash
15%
#591 Planta/Veneno Amoonguss
15%
#794 Bicho/Lucha Buzzwole
15%
#603 Eléctrico Eelektrik
15%
#604 Eléctrico Eelektross
15%
#671 Hada Florges
15%
#592 Agua/Fantasma Frillish
15%
#622 Tierra/Fantasma Golett
15%
#707 Acero/Hada Klefki
15%
#745 Roca Lycanroc
15%
#801 Acero/Hada Magearna
15%
#802 Lucha/Fantasma Marshadow
15%
#620 Lucha Mienshao
15%
#572 Normal Minccino
15%
#697 Roca/Dragón Tyrantrum
15%
#696 Roca/Dragón Tyrunt
15%
#583 Hielo Vanillish
15%
#807 Eléctrico Zeraora
15%
#713 Hielo Avalugg
14%
#659 Normal Bunnelby
14%
#703 Roca/Hada Carbink
14%
#573 Normal Cinccino
14%
#790 Psíquico Cosmoem
14%
#585 Normal/Planta Deerling
14%
#661 Normal/Volador Fletchling
14%
#670 Hada Floette
14%
#798 Planta/Acero Kartana
14%
#741 Varios/Volador Oricorio
14%
#674 Lucha Pancham
14%
#675 Lucha/Siniestro Pangoro
14%
#744 Roca Rockruff
14%
#757 Veneno/Fuego Salandit
14%
#758 Veneno/Fuego Salazzle
14%
#616 Bicho Shelmet
14%
#777 Eléctrico/Acero Togedemaru
14%
#733 Normal/Volador Toucannon
14%
#738 Bicho/Eléctrico Vikavolt
14%
#629 Siniestro/Volador Vullaby
14%
#626 Normal Bouffalant
13%
#737 Bicho/Eléctrico Charjabug
13%
#739 Lucha Crabrawler
13%
#660 Normal/Tierra Diggersby
13%
#695 Eléctrico/Normal Heliolisk
13%
#687 Siniestro/Psíquico Malamar
13%
#793 Roca/Veneno Nihilego
13%
#586 Normal/Planta Sawsbuck
13%
#664 Bicho Scatterbug
13%
#797 Acero/Volador Celesteela
12%
#780 Normal/Dragón Drampa
12%
#605 Psíquico Elgyem
12%
#676 Normal Furfrou
12%
#673 Planta Gogoat
12%
#711 Fantasma/Planta Gourgeist
12%
#736 Bicho Grubbin
12%
#694 Eléctrico/Normal Helioptile
12%
#686 Siniestro/Psíquico Inkay
12%
#784 Dragón/Lucha Kommo-o
12%
#804 Veneno/Dragón Naganadel
12%
#708 Fantasma/Planta Phantump
12%
#795 Bicho/Lucha Pheromosa
12%
#710 Fantasma/Planta Pumpkaboo
12%
#705 Dragón Sliggoo
12%
#665 Bicho Spewpa
12%
#796 Eléctrico Xurkitree
12%
#683 Hada Aromatisse
11%
#712 Hielo Bergmite
11%
#806 Fuego/Fantasma Blacephalon
11%
#740 Lucha/Hielo Crabominable
11%
#680 Acero/Fantasma Doublade
11%
#691 Veneno/Dragón Dragalge
11%
#735 Normal Gumshoos
11%
#799 Siniestro/Dragón Guzzlord
11%
#782 Dragón Jangmo-o
11%
#754 Planta Lurantis
11%
#803 Veneno Poipole
11%
#672 Planta Skiddo
11%
#805 Roca/Acero Stakataka
11%
#748 Veneno/Agua Toxapex
11%
#776 Fuego/Dragón Turtonator
11%
#734 Normal Yungoos
11%
#606 Psíquico Beheeyem
10%
#760 Normal/Lucha Bewear
10%
#779 Agua/Psíquico Bruxish
10%
#772 Normal Código Cero
10%
#764 Hada Comfey
10%
#742 Bicho/Hada Cutiefly
10%
#753 Planta Fomantis
10%
#768 Bicho/Agua Golisopod
10%
#679 Acero/Fantasma Honedge
10%
#678 Psíquico Meowstic
10%
#749 Tierra Mudbray
10%
#750 Tierra Mudsdale
10%
#770 Fantasma/Tierra Palossand
10%
#743 Bicho/Hada Ribombee
10%
#769 Fantasma/Tierra Sandygast
10%
#690 Veneno/Agua Skrelp
10%
#685 Hada Slurpuff
10%
#682 Hada Spritzee
10%
#684 Hada Swirlix
10%
#732 Normal/Volador Trumbeak
10%
#746 Agua Wishiwashi
10%
#752 Agua/Bicho Araquanid
9%
#689 Roca/Agua Barbaracle
9%
#688 Roca/Agua Binacle
9%
#692 Agua Clauncher
9%
#693 Agua Clawitzer
9%
#781 Fantasma/Planta Dhelmise
9%
#677 Psíquico Espurr
9%
#783 Dragón/Lucha Hakamo-o
9%
#747 Veneno/Agua Mareanie
9%
#774 Roca/Volador Minior
9%
#765 Normal/Psíquico Oranguru
9%
#773 Normal Silvally
9%
#767 Bicho/Agua Wimpod
9%
#751 Agua/Bicho Dewpider
8%
#766 Lucha Passimian
8%
#771 Agua Pyukumuku
8%
#759 Normal/Lucha Stufful
8%
#763 Planta Tsareena
8%
#761 Planta Bounsweet
7%
#756 Planta/Hada Shiinotic
7%
#775 Normal Komala
6%
#755 Planta/Hada Morelull
6%
#762 Planta Steenee
6%
No se encontraron pruebas coincidentes
Distribución de puntuación
Porcentaje de gente con cada puntuación
Porcentaje por número respondido
Historial de tus puntuaciones
No has intentado esta prueba.